02119nam a22002777a 450000500170000000800410001702000180005804000070007604100080008308200200009110000270011124500290013826000490016730000290021652006300024565000160087565000300089170000290092194200120095099900190096295201720098195201720115395201720132595201720149795201720166920241204140818.0241204b ||||| |||| 00| 0 eng d a9780691243269 cAL aeng 223a340.1bSCAM aAntonin Scalia9187618 aMatter of Interpretation aNew JerseybPrinceton University Pressc2022 axxiv,173p.bPBc21x14cm. aLike Socrates long ago, Antonin Scalia loved to argue. As with the best Socratic dialogues of old, the book you now hold in your hand overflows with opinion—not just assertions of its provocative protagonist, but also contentions arrayed against the provocateur’s position. To his great credit, Justice Scalia invited pushback to the views he laid out in the main text of this book. Several towering scholars of his era—Gordon S. Wood, Laurence H. Tribe, Mary Ann Glendon, and Ronald Dworkin—rose to the challenge with sparkling responses that did not merely say, “Amen.” Repeatedly, these response essays also... aLaw9187611 aCommon Law Courts9187612 aSCALIA (Antonin)9187613 2ddccBK c232059d232059 00102ddc40708LawaLLbLLd2024-12-03eMPP House Law Books Publishers Bengaluru-560009g474.50l0o340.1 SCAMpLL000085r2024-12-04 00:00:00v650.00w2024-12-04yBK 00102ddc40708LawaLLbLLd2024-12-03eMPP House Law Books Publishers Bengaluru-560009g474.50l0o340.1 SCAMpLL000086r2024-12-04 00:00:00v650.00w2024-12-04yBK 00102ddc40708LawaLLbLLd2024-12-03eMPP House Law Books Publishers Bengaluru-560009g474.50l0o340.1 SCAMpLL000087r2024-12-04 00:00:00v650.00w2024-12-04yBK 00102ddc40708LawaLLbLLd2024-12-03eMPP House Law Books Publishers Bengaluru-560009g474.50l0o340.1 SCAMpLL000088r2024-12-04 00:00:00v650.00w2024-12-04yBK 00102ddc40708LawaLLbLLd2024-12-03eMPP House Law Books Publishers Bengaluru-560009g474.50l0o340.1 SCAMpLL000089r2024-12-04 00:00:00v650.00w2024-12-04yBK